Los viajeros misteriosos /

Guardado en:
Autor Principal: Dágata, Jorge
Formato: Libro
Publicado: Buenos Aires : Colihue, 1986
Series:Leer y Crear
Materias:
Etiquetas: Agregar Etiqueta
Sin Etiquetas, Sea el primero en etiquetar este registro!
LEADER 00849nam a22002655a 4500
001 CEM.cems002183
005 20101213124207.0
008 130507s1986##################000#0#####d
003 CEMS
020 |a 9505810687 
082 0 4 |a A863.4 
100 1 |a Dágata, Jorge 
245 1 0 |a Los viajeros misteriosos /  |c Jorge A. Dágata 
260 |a Buenos Aires :  |b Colihue,  |c 1986 
300 |a 127 p. 
490 0 |a Leer y Crear 
653 |a Literatura 
653 |a Literatura argentina 
653 |a Novelas 
653 |a Novela argentina 
653 |a Novela juvenil 
859 |a CEMS  |b BIB. CEMS - 11 de abril  |h A863.4  |i D132  |p 14022.86  |t Ej.1 
859 |a CEMS  |b BIB. CEMS - 11 de abril  |h A863.4  |i D132  |p 14023.86  |t Ej.2 
859 |a CEMS  |b BIB. CEMS - 11 de abril  |h A863.4  |i D132  |p 14024.86  |t Ej.3 
859 |a CEMS  |b BIB. CEMS - 11 de abril  |h A863.4  |i D132  |p 14358.86  |t Ej.4